Notas de derecho constitucional y administrativo /

Contenido: El derecho constitucional y sus antecedentes históricos; El Estado mexicano y su organización constitucional; La división de poderes y el poder legislativo; El poder ejecutivo federal; El poder judicial federal y el ministerio público federal; Las entidades federativas, los municipios y e...

Täydet tiedot

Tallennettuna:
Bibliografiset tiedot
Päätekijä: Moral Padilla, Luis (autor)
Aineistotyyppi: Kirja
Kieli:espanja
Julkaistu: México : McGraw-Hill, 2003, c2003
Painos:2a edición
Sarja:(Jurídica)
Aiheet:
Tagit: Lisää tagi
Ei tageja, Lisää ensimmäinen tagi!

MARC

LEADER 00000nam^a2200000^a^4500
001 000171358
005 20250521000000.0
009 20260310101341.58
020 |a 970-10-2169-X 
037 |a Acervo ITESO - Biblioteca 
041 |a ESP 
082 |a 342. 72  |b MOR 
100 |a Moral Padilla, Luis  |e (autor) 
245 1 0 |a Notas de derecho constitucional y administrativo /  |c L. Moral Padilla ; prol. de María del Carmen Vargas de Maranto. 
250 |a 2a edición 
264 4 |a México :  |b McGraw-Hill,  |c 2003, c2003 
300 |a XI, 188 p. 
336 |a texto  |b txt  |2 rdacontenido 
337 |a sin mediación  |b n  |2 rdamedio 
338 |a volumen  |b nc  |2 rdasoporte 
440 1 |a (Jurídica) 
520 |a Contenido: El derecho constitucional y sus antecedentes históricos; El Estado mexicano y su organización constitucional; La división de poderes y el poder legislativo; El poder ejecutivo federal; El poder judicial federal y el ministerio público federal; Las entidades federativas, los municipios y el Distrito Federal; Derechos subjetivos públicos; El juicio de amparo; El derecho administrativo; La administración pública y el servicio público; El acto administrativo; El órgano administrativo público; La organización administrativa federal; El régimen patrimonial del Estado; Derecho contencioso-administrativo. 
649 |a XX 
650 |a Poder Ejecutivo -  |z México 
650 |a Poder Legislativo -  |z México 
650 |a Poder Judicial -  |z México 
650 |a Separación de Poderes -  |z México 
650 |a Derecho Constitucional -  |z México 
650 |a Derecho Administrativo -  |z México 
650 |a Derecho Público -  |z México 
910 |a Fondo General 
920 |a Impresos - Libros 
930 |a Colección General 
905 |a 101 
901 |a 0500108682  |b IT1  |c ACC  |u 20250521 
902 |a https://opac.biblio.iteso.mx/vufind/Record/000171358